000 00198pam a2200097 a 4500
020 _c
041 _aeng
100 _aBecker, Hardin.
245 _aThe Word of Cell
_hTextual Documents
930 _a7119
999 _c84030
_d84030